Krásna Hôrka - Gemer Krásnohorské údolie : mauzóleum exteriér : interiér : unikátna baroková skriňa : hrad

Zobrazenie: Päť čiastkových pohľadov oddelených bielymi líniami na Krásnohorské údolie, hrad, mauzóleum, interiér mauzolea, barokovú skriňu

Bibliographic Details
Other Authors: Deneš, Ladislav, 1936- (Photographer)
Format: Photo
Language:Slovak
PhysicalDescription:1 pohľadnica (5 čiastkových pohľadov) farebná 11 x 23 cm
Published: Bratislava Pressfoto 1969
Subjects:

MARC

LEADER 00000ckm a2200000 a 4500
001 vtls011604137
003 SK-MaSNL
005 20260331210455.0
007 kf co
008 230718s1969 xo g kuslo
015 |a SNBG1969 
035 |a urn:nbn:sk:snk-km00dw2f 
035 |a urn:nbn:sk:snk-km3lrzq 
035 |a 020D65A6-CD3F-4CBC-B11E-C373A66C18BE 
040 |a SNK  |b slo  |c SNK  |e AACR2 
041 0 |a slo 
043 |a e-xo--- 
044 |a xo  |c SK 
072 7 |a 913  |x Regionálna geografia  |2 konspekt 
080 |a 913(437.6)  |2 2001 
080 |a 913(437.6)  |2 2011 
080 |a 728.81  |2 2011 
080 |a 726.822  |2 2011 
080 |a 726:27-523.42  |2 2011 
080 |a 72.012.8  |2 2011 
080 |a 72/77-027.32  |2 2011 
080 |a 904(084.121)  |2 2011 
100 1 |a Deneš, Ladislav,  |d 1936-  |4 pht  |9 39475 
245 1 0 |a Krásna Hôrka - Gemer  |h grafika  |b Krásnohorské údolie : mauzóleum exteriér : interiér : unikátna baroková skriňa : hrad  |c foto: L. Deneš 
246 1 |i Názov na obrazovej časti:  |a Krásna Hôrka 
260 |a Bratislava  |b Pressfoto  |c 1969  |e Děčín  |f Severografia 
300 |a 1 pohľadnica (5 čiastkových pohľadov)  |b farebná  |c 11 x 23 cm 
520 8 |a Zobrazenie: Päť čiastkových pohľadov oddelených bielymi líniami na Krásnohorské údolie, hrad, mauzóleum, interiér mauzolea, barokovú skriňu 
610 2 7 |a Krásna Hôrka (Krásnohorské Podhradie, Slovensko : hrad)  |2 SNKKA  |9 31335 
610 2 7 |a Mauzóleum Andrássyovcov (Krásnohorské Podhradie, Slovensko)  |2 SNKKA  |9 32661 
650 0 7 |a hrady  |2 SNKPH  |9 3039 
650 0 7 |a mauzóleá  |2 SNKPH  |9 3021 
650 0 7 |a kostoly  |2 SNKPH  |9 3023 
650 0 7 |a interiéry  |2 SNKPH  |9 2953 
650 0 7 |a starožitnosti  |2 SNKPH  |9 2978 
651 7 |a Krásnohorské Podhradie (Slovensko)  |2 SNKPHgeo  |9 26876 
651 7 |a Gemer (Slovensko : región)  |2 SNKPHgeo  |9 173411 
655 7 |a miestne pohľadnice  |2 SNKPH  |9 70510 
655 7 |a pohľadnice kultúrnych pamiatok  |2 SNKPH  |9 70523 
852 |a Slovenská národná knižnica 
954 |a pohľadnice pôvodné (slovenské)  |2 lita 
954 |a pohľadnice cudzojazyčné (svetové)  |2 lita 
958 |a GBN 
958 |a GC 
958 |a OND 
958 |a EUIPO 
999 |c 1039435  |d 1041365 
952 |a SNK  |b SNK  |y PREZ  |7 0  |p 17A1212730  |o snkSP 27901  |0 0  |1 0  |4 0  |d 2017-01-13  |f 1  |l 0  |r 2026-02-24 14:19:42  |w 2026-02-24